ბათუმის შოთა რუსთაველის სახელმწიფო უნივერსიტეტის ბიბლიოთეკა

ხისა და სინთეზური მასალების კონსტრუქციები : ნაწ.2 : სახელმძღვ. / (ბიბ.ჩანაწერი № 39609)

000 -ლიდერი
ფიქსირებული სიგრძის საკონტროლო ველი 00997nam a2200205Ia 4500
001 - საკონტროლო ნომერი
საკონტროლო ველი 6209
003 - საკონტროლო ნომრის იდენტიფიკატორი
საკონტროლო ველი GE_BSU
005 - ბოლო ოპერაციის თარიღი და დრო
საკონტროლო ველი 20190702164815.0
008 - ფიქსირებული სიგრძის მონაცემთა ელემენტები - ზოგადი ინფორმაცია
ფიქსირებული სიგრძის საკონტროლო ველი 181216s1971|||| |||||||||||||| ||g ||
041 ## - ენის კოდი
Language code of text/sound track or separate title geo
080 ## - უნივერსალური ათობითი კლასიფიკაციის ინდექსი
Universal Decimal Classification number 624.011(075.8) დ-72
100 ## - მთავარი ჩანაწერი - პიროვნების სახელი
Personal name .დოლიძე, დ.
9 (RLIN) 452
245 ## - ცნობა სათაურის შესახებ
Title ხისა და სინთეზური მასალების კონსტრუქციები : ნაწ.2 : სახელმძღვ. /
Statement of responsibility, etc დ. დოლიძე ; რედ : ჩ . გურგენიძე.
264 ## - წარმოების, გამოცემის, დისტრიბუციის და სხვა ცნობები
გამოცემის, წარმოების, დისტრიბუციის... ადგილი თბილისი :
გამოცემის, წარმოების, დისტრიბუციის... სახელწოდება განათლება,
გამოცემის, წარმოების, დისტრიბუციის... თარიღი 1971.
300 ## - ფიზიკური აღწერა
Extent 324 გვ .:
Other physical details დანართები,
Dimensions 22 სმ.
504 ## - BIBLIOGRAPHY, ETC. NOTE
Bibliography, etc ბიბლიოგრ.:გვ.319-320
653 ## - INDEX TERM--UNCONTROLLED
Uncontrolled term ხისა და სინთეზური მასალების კონსტრუქციები
700 ## - ADDED ENTRY--PERSONAL NAME
Personal name გურგენიძე, ჩ
Relator term რედაქტორი
9 (RLIN) 3156
942 ## - ADDED ENTRY ELEMENTS (KOHA)
Koha item type წიგნი
Source of classification or shelving scheme
ეგზემპლარები
ჩამოწერის სტატუსი დაკარგული ეგზემპლარის სტატუსი კლასიფიკაციის წყარო ან თაროზე გაწყობის სქემა დაზიანების სტატუსი არ გაიცემა მუდმივი მდებარეობა (დაცვის ადგილი) ამჟამინდელი ადგილსამყოფელი თაროზე განთავსების ადგილი შეძენის თარიღი ღირებულება, შესყიდვის ნორმალური ფასი სრული შენახვის შიფრი შტრიხკოდი ბოლო ოპერაციის თარიღი ეგზემპლარის მიმდევრობითი ნომერი (კეტერი?) ფასის ძალაში შესვლის თარიღი ეგზემპლარის სახეობა საჯარო შენიშვნა
          ტექნოლოგიური ფაკულტეტის ბიბლიოთეკა ტექნოლოგიური ფაკულტეტის ბიბლიოთეკა წიგნსაცავი 2018-12-17 2.00 624.011(075.8) დ-72 11273 2018-12-17 11273 2018-12-17 წიგნი 2 ლ. 36 თ.
          ტექნოლოგიური ფაკულტეტის ბიბლიოთეკა ტექნოლოგიური ფაკულტეტის ბიბლიოთეკა წიგნსაცავი 2018-12-17 2.00 624.011(075.8) დ-72 11274 2018-12-17 11274 2018-12-17 წიგნი 2 ლ. 36 თ.
          ტექნოლოგიური ფაკულტეტის ბიბლიოთეკა ტექნოლოგიური ფაკულტეტის ბიბლიოთეკა წიგნსაცავი 2018-12-17 2.00 624.011(075.8) დ-72 11275 2018-12-17 11275 2018-12-17 წიგნი 2 ლ. 36 თ.